000 00636nam a2200229Ia 4500
003 OSt
005 20220928123923.0
006 a|||||r|||| 00| 0
007 ta
008 220927b |||||||| |||| 00| 0 eng d
024 _a43784
037 _cTextual
040 _aSDCL
_cSDCL
_beng
041 _2eng
_aeng
082 _aX651, N5
100 _aMurphy Joseph E
_9462268
245 0 _aUsing stock to predict and optimize market investment outcomes probability
260 _aNew Delhi
_bVision Books
_c1995
300 _axv,231p
_ccm.
942 _hX651, N5
_cTEXL
_2CC
999 _c775270
_d775270